El libro de windows NT

Uloženo v:
Podrobná bibliografie
Hlavní autor: Custer, Helen (Autor)
Médium: Kniha
Jazyk:španělština
Vydáno: Madrid McGraw-Hill 1994
Témata:
Tagy: Přidat tag
Žádné tagy, Buďte první, kdo vytvoří štítek k tomuto záznamu!

MARC

LEADER 00000nam a2200000 a 4500
001 UCR5844
003 CL-VaPUC
008 980403e19940000SP |||||||||||||||||spa|d
082 0 4 |a 005.359  |b CUS  |2 21 
100 0 |a Custer, Helen  |e author  |9 406728 
245 1 3 |a El libro de windows NT 
300 |a 418 p 
942 |c BK 
945 |d 19980403 00:00:00  |a rbrito 
260 |a Madrid  |b McGraw-Hill  |c 1994 
650 0 |a Windows  |9 324619 
650 0 |a Programas de computación   |9 334383 
650 7 |a SISTEMA OPERATIVO  |2 CL-VaPUC  |9 380212 
650 0 |a Administrador de servicios   |9 406730 
650 0 |a Proceso de datos   |9 259776 
650 7 |a FUNCIONAMIENTO EN RED  |2 CL-VaPUC  |9 406731 
583 |a last modification  |c 19980403 00:00:00  |k Rodrigo Vera 
999 |c 268192  |d 268190 
952 |0 0  |1 0  |4 0  |6 005_359000000000000_CUS_1994  |7 0  |8 A  |9 301152  |a BIBING  |b BIBING  |d 2019-11-20  |i 3398145  |o 005.359 CUS 1994  |p 3398145  |r 2025-01-20  |w 2019-11-20  |y BK  |k CCI